CAIRO, EL MOADI, AND HELWAN / (Record no. 25765)
[ view plain ]
| 000 -الفاتح | |
|---|---|
| حقل البيانات ثابتة الطول | 00476nam a2200193Ia 4500 |
| 008 - عناصر البيانات ثابتة الطول - معلومات عامة | |
| حقل البيانات ثابتة الطول | 140319s9999 xx 000 0 eng d |
| 040 ## - مصدر الفهرسة | |
| وكالة الفهرسة الأصلية | GCL / |
| وكالة النسخ | GCL |
| 082 04 - رقم تصنيف ديوى العشرى | |
| رقم التصنيف | M |
| رقم المادة | CAIRO |
| 100 1# - المدخل الرئيسى - إسم شخصى | |
| الإسم الشخصى | MOUSTAFA, A.R. |
| 245 10 - بيان العنوان | |
| العنوان | CAIRO, EL MOADI, AND HELWAN / |
| بيان المسئوليه,etc | MOUSTAFA, A.R. |
| 700 1# - المدخل الاضافى - اسم شخصى | |
| الإسم الشخصى | M.A. YEHIA |
| 700 1# - المدخل الاضافى - اسم شخصى | |
| الإسم الشخصى | S.ABDEL TAWAB |
| 260 ## - PUBLICATION, DISTRIBUTION, ETC. (IMPRINT) | |
| تاريخ النشر أو التوزيع | 1985 |
| 650 04 - المدخل الاضافى بالموضوع-مصطلح موضوعى | |
| مصطلح موضوعي | HELWAN |
| 650 04 - المدخل الاضافى بالموضوع-مصطلح موضوعى | |
| مصطلح موضوعي | CAIRO |
| 650 04 - المدخل الاضافى بالموضوع-مصطلح موضوعى | |
| مصطلح موضوعي | MAADI |
| 942 ## - عناصر المدخل الإضافي( كوها) | |
| مصدر التصنيف او مخطط الترفيف | Dewey Decimal Classification |
| Koha [default] item type | خرائط |
| 260 ## - PUBLICATION, DISTRIBUTION, ETC. (IMPRINT) | |
| -- | [S.N] : |
| -- | AIN SHAMS UNIVERSITY ، |
| حالة التراجع | حالة الفقد | حالة تلف | ليس للاعارة | المكان المؤقت | الموقع الحالى | تاريخ الاكتساب | اجمالي اﻻعارات | رقم الطلب | الباركود | تاريخ اخر مشاهدة | تاريخ تفعيل السعر | نوع وعاء كوها |
|---|---|---|---|---|---|---|---|---|---|---|---|---|
| مكتبة القاهرة الكبرى | مكتبة القاهرة الكبرى | 03/26/2014 | M\CAIRO | 45338 | 03/26/2014 | 03/26/2014 | خرائط | |||||
| مكتبة القاهرة الكبرى | مكتبة القاهرة الكبرى | 03/26/2014 | M\CAIRO | 45339 | 03/26/2014 | 03/26/2014 | خرائط |

